000 00337 a2200157 4500
001 170137
020 _a
040 _cMagnum
100 _aGohn, Maria da Gloria
240 1 0 _aTeoria dos movimentos sociais
_lpor
245 1 0 _aTeoria dos movimentos sociais
362 0 _a1899
440 1 _aLoyola
697 _aGERAL
942 _cBK
999 _c170137
_d170137